Aston Cantlow and Wilmcote with Billesley PCC v Wallbank and another (Record no. 72971)
[ view plain ]
| 000 -LEADER | |
|---|---|
| fixed length control field | 01655cam a2200241 4500 |
| 001 - CONTROL NUMBER | |
| control field | ABS66842 |
| 008 - FIXED-LENGTH DATA ELEMENTS--GENERAL INFORMATION | |
| fixed length control field | 030701n2003 000 0 eng u |
| 035 ## - SYSTEM CONTROL NUMBER | |
| System control number | (Sirsi) u122846 |
| 245 ## - TITLE STATEMENT | |
| Title | Aston Cantlow and Wilmcote with Billesley PCC v Wallbank and another |
| 260 ## - PUBLICATION, DISTRIBUTION, ETC. | |
| Date of publication, distribution, etc. | 2003 |
| 490 ## - SERIES STATEMENT | |
| Series statement | Weekly Law Reports |
| Volume/sequential designation | [2003] 3 WLR 283-336(54) |
| 520 ## - SUMMARY, ETC. | |
| Summary, etc. | [2003] UKHL 37, 26 June 2003 Appellant PCC appealed against CA decision ([2001] EWCA Civ 713, Abs64829) which held that enforcing liability of a lay rector for chancel repair was contrary to the European Convention on Human Rights. The respondent (W) were owners of Glebe Farm. Part of the farm was rectorial property. The owners were therefore lay rectors and were therefore liable for paying for all repairs to the chancel of the local parish church. The appellant PCC served notices on W requiring them to put the chancel in property repair under the Chancel Repairs Act 1932. HL held that enforcing a lay rector's responsibility did not infringe W's rights under the Convention. Appeal dismissed. View judgment at www.parliament.the-stationery-office.co.uk/. |
| 590 ## - LOCAL NOTE (RLIN) | |
| Local note | ABS |
| 650 ## - SUBJECT ADDED ENTRY--TOPICAL TERM | |
| Topical term or geographic name entry element | ASTON CANTLOW AND WILMCOTE WITH BILLESLEY PCC V WALLBANK AND ANOTHER |
| 650 ## - SUBJECT ADDED ENTRY--TOPICAL TERM | |
| Topical term or geographic name entry element | CONVENTION FOR THE PROTECTION OF HUMAN RIGHTS AND FUNDAMENTAL FREEDOMS |
| 650 ## - SUBJECT ADDED ENTRY--TOPICAL TERM | |
| Topical term or geographic name entry element | HUMAN RIGHTS ACT 1998 |
| 650 ## - SUBJECT ADDED ENTRY--TOPICAL TERM | |
| Topical term or geographic name entry element | REPAIRING LIABILITY |
| 650 ## - SUBJECT ADDED ENTRY--TOPICAL TERM | |
| Topical term or geographic name entry element | TAX |
| 650 ## - SUBJECT ADDED ENTRY--TOPICAL TERM | |
| Topical term or geographic name entry element | CHANCEL REPAIR LIABILITY |
| 690 ## - LOCAL SUBJECT ADDED ENTRY--TOPICAL TERM (OCLC, RLIN) | |
| Topical term or geographic name as entry element | PROPERTY AND LAND LAW-CASE LAW |
| 856 ## - ELECTRONIC LOCATION AND ACCESS | |
| Uniform Resource Identifier | <a href="https://www.parliament.the-stationery-office.co.uk/pa/ld200203/ldjudgmt/jd030626/aston-1.htm">https://www.parliament.the-stationery-office.co.uk/pa/ld200203/ldjudgmt/jd030626/aston-1.htm</a> |
| Public note | View judgment on the UK Parliament website... |
| 942 ## - ADDED ENTRY ELEMENTS (KOHA) | |
| Suppress in OPAC | 0 |
| Withdrawn status | Lost status | Source of classification or shelving scheme | Damaged status | Not for loan | Home library | Current library | Shelving location | Date acquired | Total Checkouts | Full call number | Barcode | Date last seen | Copy number | Price effective from | Koha item type |
|---|---|---|---|---|---|---|---|---|---|---|---|---|---|---|---|
| Dewey Decimal Classification | London | London | Journal article | 01/07/2003 | ABS66842 | 122846-1001 | 06/08/2019 | 1 | 06/08/2019 | Law report |